000 00881nam a2200253 a 4500
001 000028443
005 20200930054939.0
008 110408s2011 dr 001 0 spa d
040 _aDO-SdBNP
_bspa
_cBNPHU
082 _a523.7
_bV434ó
100 1 _aVelázquez, Rafael,
_d1949-
_955387
245 1 3 _aEl origen del sol :
_bhallazgo de las partículas divinas /
_cRafael Velázquez.
260 _aSanto Domingo :
_b[s.n.],
_c2011.
_fRichie Copy
300 _a393 p. :
_bil. ;
_c26 cm.
500 _aIncluye datos biográficos del autor en la contracubierta.
590 _aInventariado, 2020/BT
650 4 _aSol
_xObservaciones
_955388
650 4 _aSol
_xTablas
_955389
650 4 _aSistema solar
_955390
650 4 _aEnergía solar
_945631
650 4 _aElementos químicos
_920553
650 4 _aTabla periódica (química)
_955391
910 _aValidado. Control de calidad EMS.
999 _c27935
_d27935